Countries with embassies and consulates in Chile - Statistics

General Stats
  • This quiz has been taken 50 times
  • The average score is 60 of 70
Answer Stats
Continent Answer % Correct
South America Argentina
97%
Oceania Australia
97%
South America Colombia
97%
South America Venezuela
97%
South America Brazil
95%
Asia China
95%
Europe Germany
95%
Europe Italy
95%
North America Mexico
95%
South America Peru
95%
Asia/ Europe Russia
95%
Europe Sweden
95%
Europe United Kingdom
95%
Africa Algeria
92%
North America Canada
92%
South America Ecuador
92%
Europe Finland
92%
Europe France
92%
North America Honduras
92%
Asia Japan
92%
Europe Norway
92%
North America Panama
92%
South America Paraguay
92%
Europe Poland
92%
Europe Portugal
92%
Asia South Korea
92%
Europe Spain
92%
Asia/ Europe Turkey
92%
North America United States of America
92%
South America Uruguay
92%
Europe Austria
89%
South America Bolivia
89%
Europe Croatia
89%
North America Cuba
89%
Africa Egypt
89%
North America El Salvador
89%
Europe Greece
89%
Asia Iran
89%
Asia Israel
89%
Oceania New Zealand
89%
Africa South Africa
89%
Europe Belgium
86%
North America Guatemala
86%
Asia India
86%
Asia Iraq
86%
Europe the Netherlands
86%
North America Costa Rica
84%
Europe Denmark
84%
North America Haiti
84%
Asia Indonesia
84%
North America Nicaragua
84%
Asia Saudi Arabia
84%
Europe Switzerland
84%
Asia Thailand
84%
Asia Vietnam
84%
Asia Malaysia
81%
Europe Czech Republic
78%
North America Dominican Republic
78%
Europe Hungary
76%
Asia Jordan
76%
Asia Lebanon
76%
Europe Romania
73%
Asia United Arab Emirates
73%
Africa Morocco
70%
Asia Azerbaijan
68%
Europe Vatican City
68%
Asia Syria
65%
Asia the Philippines
65%
Asia Kuwait
62%
Asia Palestine
51%
No matching quizzes found
Score Distribution
Percent of People with Each Score
Percentile by Number Answered
Your Score History
You have not taken this quiz